| 000 | 00306nam a22001097a 4500 | ||
|---|---|---|---|
| 082 |
_a372.623 _bMCC _cL-29 P-104 |
||
| 245 | _aWriting With a Purpose | ||
| 260 |
_aCambrioge _bThe Ribersioe Press _c1957 |
||
| 300 |
_axiv, 607 P : _bill : _c32 Cm |
||
| 526 |
_a0 _b0 _c0 _d372_623000000000000_MCC |
||
| 942 |
_2ddc _cBK |
||
| 999 |
_c542921 _d542921 |
||